01310 a2200181 450000100040000000500170000400800410002100300150006204000400007708000260011724500470014325000110019026400340020130000170023550507240025210000250097685601270100124720260407155416.0260407a2005 arg spa dAR-UNSa-BCEJYS aAR-UNSa-BCEJYSbspacAR-UNSa-BCEJYS a331.526.9xAutoempleo10aAutoempleopuna salida frente al desempleo a1a. ed 1aBuenos Aires :bGranicac2005 a89 p.c18 cm a1. Autoempleo: una salida - 2. ¿Qué es el autoempleo? - 3. Diferencia entre autoempleo y empresa - 4. Cómo surge la idea de iniciar una actividad, negocio o microemprendimiento - 5. Características de personalidad para el autoempleo - 6. Cómo elegir una actividad - 7. Fortalezas y debilidades - 8. Conocimientos actuales + lo que pueda aprender - 9. Destrezas o habilidades - 10. Competencias no técnicas - 11. Cómo relacionar las competencias técnicas y las no técnicas - 12. Cómo generar una idea - 13. Cómo relacionar intereses diversos - 14. Retiro anticipado y autoempleo - 15. Recomendaciones para iniciar una actividad - 16. 100 ideas para el autoempleo - 17. Unas Palabras sobre la autora 1 aAlles, Martha Alicia41uhttps://biblioeco.unsa.edu.ar/pmb/images/libros/Autoempleo Alles, Martha Alicia (2005).jpgyImagen de portadaqimage/jpeg